Corrientes de la educación primaria en América Latina: 1934 - 1962
Saved in:
| Hovedforfatter: | |
|---|---|
| Format: | Bog |
| Sprog: | spansk |
| Udgivet: |
Washington, D.C
Departamento de Asuntos Educativos Unión Panamericana
1964
|
| Fag: | |
| Tags: |
Tilføj Tag
Ingen Tags, Vær først til at tagge denne postø!
|
MARC
| LEADER | 00000nam a2200000 a 4500 | ||
|---|---|---|---|
| 001 | UCZ9796 | ||
| 003 | CL-VaPUC | ||
| 008 | 960311e19640000US |||||||||||||||||spa|d | ||
| 082 | 0 | 4 | |a 372 |b MOL |2 21 |
| 100 | |a Molinary, Samuel |e autor |9 354670 | ||
| 245 | 1 | 0 | |a Corrientes de la educación primaria en América Latina: 1934 - 1962 |
| 300 | |a 58 p | ||
| 942 | |c BK | ||
| 945 | |d 19960311 00:00:00 |a lriquelm | ||
| 260 | |a Washington, D.C |b Departamento de Asuntos Educativos Unión Panamericana |c 1964 | ||
| 650 | 0 | |a Educación básica |9 224933 | |
| 650 | 7 | |a METAS DE LA EDUCACION |2 CL-VaPUC |9 309160 | |
| 650 | 0 | |a Formación profesional de profesores |9 307493 | |
| 650 | 0 | |a Desarrollo económico |9 259599 | |
| 650 | 0 | |a Cooperación internacional |9 255447 | |
| 651 | 0 | |a América Latina |9 255027 | |
| 583 | |a last modification |c 19960311 00:00:00 |k Rodrigo Vera | ||
| 999 | |c 244861 |d 244859 | ||
| 952 | |0 0 |1 0 |4 0 |6 372_000000000000000_MOL_1964 |7 0 |8 P |9 259115 |a BIBEDU |b BIBEDU |c BIBEDU_PB |d 2019-11-19 |i 1629735 |o 372 MOL 1964 |p 1629735 |r 2024-01-25 |w 2019-11-19 |y BK |k EDU | ||